<?xml version="1.0" encoding="UTF-8"?>
<record
    xmlns:xsi="http://www.w3.org/2001/XMLSchema-instance"
    xsi:schemaLocation="http://www.loc.gov/MARC21/slim http://www.loc.gov/standards/marcxml/schema/MARC21slim.xsd"
    xmlns="http://www.loc.gov/MARC21/slim">

  <leader>01649nam a22002417a 4500</leader>
  <datafield tag="999" ind1=" " ind2=" ">
    <subfield code="c">15316</subfield>
    <subfield code="d">15316</subfield>
  </datafield>
  <controlfield tag="003">AR-CdUCM</controlfield>
  <controlfield tag="008">190322b           ||||| |||| 00| 0 spa d</controlfield>
  <datafield tag="040" ind1=" " ind2=" ">
    <subfield code="a">MUNICIPALIDAD PROVINCIAL DEL CUSCO</subfield>
    <subfield code="c">BIBLIOTECA MUNICIPAL DEL CUSCO</subfield>
  </datafield>
  <datafield tag="082" ind1=" " ind2=" ">
    <subfield code="a">985.008 /</subfield>
    <subfield code="b">C73</subfield>
  </datafield>
  <datafield tag="100" ind1=" " ind2=" ">
    <subfield code="a">Comisi&#xF3;n nacional del Sesquicentenario de la Independencia del Per&#xFA;</subfield>
  </datafield>
  <datafield tag="245" ind1=" " ind2=" ">
    <subfield code="a">Quinto congreso internacional de historia de Am&#xE9;rica /</subfield>
  </datafield>
  <datafield tag="260" ind1=" " ind2=" ">
    <subfield code="a">Lima :</subfield>
    <subfield code="b">Comisi&#xF3;n nacional del Sesquicentenario de la Independencia del Per&#xFA;,</subfield>
    <subfield code="c">1972.</subfield>
  </datafield>
  <datafield tag="300" ind1=" " ind2=" ">
    <subfield code="a">tomos ;</subfield>
    <subfield code="c">24 cm.</subfield>
  </datafield>
  <datafield tag="440" ind1=" " ind2=" ">
    <subfield code="a">Colecci&#xF3;n documental de la Independencia del Per&#xFA;.</subfield>
    <subfield code="9">23187</subfield>
  </datafield>
  <datafield tag="505" ind1=" " ind2=" ">
    <subfield code="a">t.2: Tupac Amaru y la proyecci&#xF3;n de su pensamiento en Cadiz -- Levantamiento Tupacamarista 1783 -- El heroismo revolucionario de Micaela Bastidas --t.3: La pol&#xED;tica de gran Breta&#xF1;a en el Rio de la Plata y su influencia en la revoluci&#xF3;n de Zela -- Carlos Pereyra y su pensamiento sobre la emncipaci&#xF3;n hispanoamericana -- El derecho de ciudadania aciva como reflejo de una ideologia emancipadora -- t.5: sesion compraratoria en el V concreso internacional de historia de America -- Tupac Amaru y la proyecci&#xF3;n de su pensamiento de Cadiz 1812 y Filadelfia -- El levantamiento Tupacamarista de 1783 t.4: Antonio de Andueza y Gregorio de Guinea -- Sin Bolivar y la division pol&#xED;tica de Per&#xFA; -- Los peruanos al servicio de Venezuela...</subfield>
  </datafield>
  <datafield tag="650" ind1=" " ind2=" ">
    <subfield code="a">Cortes</subfield>
    <subfield code="9">23188</subfield>
  </datafield>
  <datafield tag="650" ind1=" " ind2=" ">
    <subfield code="a">Intervenciones </subfield>
    <subfield code="9">23189</subfield>
  </datafield>
  <datafield tag="650" ind1=" " ind2=" ">
    <subfield code="a">independencia</subfield>
    <subfield code="9">625</subfield>
  </datafield>
  <datafield tag="650" ind1=" " ind2=" ">
    <subfield code="a">Colecci&#xF3;n</subfield>
    <subfield code="9">2826</subfield>
  </datafield>
  <datafield tag="700" ind1=" " ind2=" ">
    <subfield code="a">Durand Fl&#xF3;rez, Guillermo (investigaci&#xF3;n, recopilaci&#xF3;n y pr&#xF3;logo)</subfield>
    <subfield code="9">23190</subfield>
  </datafield>
  <datafield tag="942" ind1=" " ind2=" ">
    <subfield code="2">ddc</subfield>
    <subfield code="c">LIBROS</subfield>
  </datafield>
  <datafield tag="945" ind1=" " ind2=" ">
    <subfield code="a">wfj</subfield>
  </datafield>
  <datafield tag="952" ind1=" " ind2=" ">
    <subfield code="0">0</subfield>
    <subfield code="2">ddc</subfield>
    <subfield code="4">0</subfield>
    <subfield code="7">0</subfield>
    <subfield code="a">SCA</subfield>
    <subfield code="b">SCA</subfield>
    <subfield code="c">CART</subfield>
    <subfield code="d">2019-04-26</subfield>
    <subfield code="g">60.00</subfield>
    <subfield code="o">985.008 / C73 /t.2</subfield>
    <subfield code="p">SCA0003424</subfield>
    <subfield code="r">2019-04-26</subfield>
    <subfield code="y">LIBROS</subfield>
  </datafield>
  <datafield tag="952" ind1=" " ind2=" ">
    <subfield code="0">0</subfield>
    <subfield code="2">ddc</subfield>
    <subfield code="4">0</subfield>
    <subfield code="7">0</subfield>
    <subfield code="a">SCA</subfield>
    <subfield code="b">SCA</subfield>
    <subfield code="c">CART</subfield>
    <subfield code="d">2019-04-26</subfield>
    <subfield code="g">60.00</subfield>
    <subfield code="o">985.008 / C73 /t.4</subfield>
    <subfield code="p">SCA0003425</subfield>
    <subfield code="r">2019-04-26</subfield>
    <subfield code="y">LIBROS</subfield>
  </datafield>
  <datafield tag="952" ind1=" " ind2=" ">
    <subfield code="0">0</subfield>
    <subfield code="2">ddc</subfield>
    <subfield code="4">0</subfield>
    <subfield code="7">0</subfield>
    <subfield code="a">SCA</subfield>
    <subfield code="b">SCA</subfield>
    <subfield code="c">CART</subfield>
    <subfield code="d">2019-04-29</subfield>
    <subfield code="g">60.00</subfield>
    <subfield code="o">985.008 / C73 /t.3</subfield>
    <subfield code="p">SCA0003631</subfield>
    <subfield code="r">2019-04-29</subfield>
    <subfield code="y">LIBROS</subfield>
  </datafield>
  <datafield tag="952" ind1=" " ind2=" ">
    <subfield code="0">0</subfield>
    <subfield code="2">ddc</subfield>
    <subfield code="4">0</subfield>
    <subfield code="7">0</subfield>
    <subfield code="a">SCA</subfield>
    <subfield code="b">SCA</subfield>
    <subfield code="c">CART</subfield>
    <subfield code="d">2019-04-29</subfield>
    <subfield code="g">60.00</subfield>
    <subfield code="o">985.008 / C73 /t.5</subfield>
    <subfield code="p">SCA0003632</subfield>
    <subfield code="r">2019-04-29</subfield>
    <subfield code="y">LIBROS</subfield>
  </datafield>
</record>
